<?xml version="1.0" encoding="UTF-8"?>
<record
    xmlns:xsi="http://www.w3.org/2001/XMLSchema-instance"
    xsi:schemaLocation="http://www.loc.gov/MARC21/slim http://www.loc.gov/standards/marcxml/schema/MARC21slim.xsd"
    xmlns="http://www.loc.gov/MARC21/slim">

  <leader>02461nam a2200253 i 4500</leader>
  <controlfield tag="001">BPP</controlfield>
  <controlfield tag="003">BPK</controlfield>
  <controlfield tag="005">20171115103744.0</controlfield>
  <controlfield tag="008">140409s1987    pl     f     |000 0 pol</controlfield>
  <datafield tag="040" ind1=" " ind2=" ">
    <subfield code="c">BPK</subfield>
  </datafield>
  <datafield tag="080" ind1=" " ind2=" ">
    <subfield code="a">620.197</subfield>
  </datafield>
  <datafield tag="100" ind1=" " ind2=" ">
    <subfield code="a">SKUBA&#x141;A, Wies&#x142;aw.</subfield>
    <subfield code="d">1980 - 1995.</subfield>
    <subfield code="b">Wy&#x17C;sza Szko&#x142;a In&#x17C;ynierska w Koszalinie - Wydzia&#x142; Mechaniczny,</subfield>
    <subfield code="c">Zak&#x142;ad Elektrotechniki i Elektrochemii</subfield>
  </datafield>
  <datafield tag="245" ind1=" " ind2=" ">
    <subfield code="a">Opracowanie technologii i wykonanie pr&#xF3;bnych pow&#x142;ok antykorozyjnych dla obrotowych podgrzewaczy powietrza kot&#x142;&#xF3;w EC. Etapy pracy: 1, 2 i 3 /</subfield>
    <subfield code="c">Wies&#x142;aw Skuba&#x142;a, Jadwiga Harmaci&#x144;ska, Tadeusz Hryniewicz, Wies&#x142;awa Ignaciuk, Piotr Skuba&#x142;a, Lilianna Kawczy&#x144;ska.</subfield>
  </datafield>
  <datafield tag="260" ind1=" " ind2=" ">
    <subfield code="a">Koszalin,</subfield>
    <subfield code="c">1987.</subfield>
  </datafield>
  <datafield tag="500" ind1=" " ind2=" ">
    <subfield code="a">Dane z autopsji.</subfield>
  </datafield>
  <datafield tag="520" ind1=" " ind2=" ">
    <subfield code="a">Praca sk&#x142;ada si&#x119; z trzech etap&#xF3;w. W I etapie okre&#x15B;lono wst&#x119;pne wymagania dla pokrycia antykorozyjnego, badano w&#x142;a&#x15B;ciwo&#x15B;ci r&#xF3;&#x17C;nych pow&#x142;ok, analizowano mo&#x17C;liwo&#x15B;ci surowcowych i technologicznych wytwarzania pow&#x142;ok dyfuzyjnych na p&#x142;ytkach podgrzewaczy powietrza, oraz opracowano za&#x142;o&#x17C;enia do procesu technologicznego wytwarzania pow&#x142;ok podk&#x142;adowych. W II etapie analizowano mo&#x17C;liwo&#x15B;ci surowcowych i technologicznych wytwarzania pow&#x142;oki ceramicznej na powierzchni p&#x142;ytek podgrzewaczy powietrza, opracowano za&#x142;o&#x17C;enia do procesu technologicznego wytwarzania pow&#x142;ok ceramicznych oraz pr&#xF3;by r&#xF3;&#x17C;nych metod otrzymania pow&#x142;ok. W III etapie wykonano pokrycia 100 p&#x142;ytek do podgrzewaczy powietrza wybran&#x105; metod&#x105; technologiczn&#x105; i zbadanie w&#x142;a&#x15B;ciwo&#x15B;ci pow&#x142;oki ochronnej. Do pracy do&#x142;&#x105;czono wykresy z bada&#x144;.</subfield>
  </datafield>
  <datafield tag="650" ind1=" " ind2=" ">
    <subfield code="a">Pow&#x142;oki ochronne.</subfield>
  </datafield>
  <datafield tag="700" ind1=" " ind2=" ">
    <subfield code="a">HRYNIEWICZ, Tadeusz.</subfield>
    <subfield code="d">1971 - 1996.</subfield>
    <subfield code="b">Wy&#x17C;sza Szko&#x142;a In&#x17C;ynierska w Koszalinie - Wydzia&#x142; Mechaniczny,</subfield>
    <subfield code="c">Zak&#x142;ad Elektrotechniki i Elektrochemii</subfield>
  </datafield>
  <datafield tag="700" ind1=" " ind2=" ">
    <subfield code="a">IGNACIUK, Wies&#x142;awa.</subfield>
    <subfield code="d">1973 - 1985.</subfield>
    <subfield code="b">Wy&#x17C;sza Szko&#x142;a In&#x17C;ynierska w Koszalinie - Wydzia&#x142; Mechaniczny,</subfield>
    <subfield code="c">Zak&#x142;ad Elektrotechniki i Elektrochemii</subfield>
  </datafield>
  <datafield tag="700" ind1=" " ind2=" ">
    <subfield code="a">SKUBA&#x141;A, Piotr.</subfield>
    <subfield code="d">1985 - 1995.</subfield>
    <subfield code="b">Wy&#x17C;sza Szko&#x142;a In&#x17C;ynierska w Koszalinie - Wydzia&#x142; Mechaniczny,</subfield>
    <subfield code="c">Zak&#x142;ad Elektrotechniki i Elektrochemii</subfield>
  </datafield>
  <datafield tag="700" ind1=" " ind2=" ">
    <subfield code="a">HARMACI&#x143;SKA-LEWKOWICZ, Jadwiga.</subfield>
    <subfield code="d">1975 - 1992.</subfield>
    <subfield code="b">Wy&#x17C;sza Szko&#x142;a In&#x17C;ynierska w Koszalinie - Wydzia&#x142; Mechaniczny,</subfield>
    <subfield code="c">Zak&#x142;ad Elektrotechniki i Elektrochemii</subfield>
  </datafield>
  <datafield tag="700" ind1=" " ind2=" ">
    <subfield code="a">KAWCZY&#x143;SKA, Lilianna.</subfield>
    <subfield code="d">1978 - 1996.</subfield>
    <subfield code="b">Wy&#x17C;sza Szko&#x142;a In&#x17C;ynierska w Koszalinie - Wydzia&#x142; Mechaniczny,</subfield>
    <subfield code="c">Zak&#x142;ad Elektrotechniki i Elektrochemii</subfield>
  </datafield>
  <datafield tag="942" ind1=" " ind2=" ">
    <subfield code="c">MN</subfield>
    <subfield code="2">UKD</subfield>
  </datafield>
  <datafield tag="999" ind1=" " ind2=" ">
    <subfield code="c">1988</subfield>
    <subfield code="d">1988</subfield>
  </datafield>
  <datafield tag="952" ind1=" " ind2=" ">
    <subfield code="0">0</subfield>
    <subfield code="1">0</subfield>
    <subfield code="4">0</subfield>
    <subfield code="7">0</subfield>
    <subfield code="a">BPK</subfield>
    <subfield code="b">BPK</subfield>
    <subfield code="o">NB-202</subfield>
    <subfield code="y">MN</subfield>
  </datafield>
</record>
